[Event "Buenos Aires sf U2200 CARP"]
[Site "Buenos Aires"]
[Date "2018.10.21"]
[Round "5.5"]
[White "Carraro, Denise"]
[Black "Chazarreta, Iago"]
[Result "1-0"]
[WhiteElo "2083"]
[BlackElo "1497"]
[PlyCount "55"]
[EventDate "2018.10.20"]
[EventType "swiss"]
[EventRounds "6"]
[EventCountry "ARG"]
[SourceTitle "EXT 2024"]
[Source "ChessBase"]
[SourceDate "2023.10.10"]
[SourceVersion "1"]
[SourceVersionDate "2023.10.10"]
[SourceQuality "1"]

1. e4 c5 2. Nf3 Nc6 3. d3 g6 4. g3 Bg7 5. Bg2 Nf6 6. 0-0 0-0 7. Re1 d6 8. c3 e6 9. d4 cxd4 10. Nxd4 Nxd4 11. Qxd4 Ng4 12. Qd1 Ne5 13. Na3 a5 14. f4 Nc6 15. Nc4 Qc7 16. Qxd6 Qxd6 17. Nxd6 Rd8 18. e5 Bf8 19. Nc4 Bc5+ 20. Be3 Bxe3+ 21. Rxe3 Rb8 22. Nd6 Ne7 23. Rd3 Nf5 24. Rad1 b5 25. Nxf5 Rxd3 26. Rxd3 gxf5 27. Rd8+ Kg7 28. Bc6 1-0

[Event "Buenos Aires sf U2200 CARP"]
[Site "Buenos Aires"]
[Date "2018.10.20"]
[Round "2.2"]
[White "Chazarreta, Iago"]
[Black "Bourgeois, William"]
[Result "0-1"]
[WhiteElo "1497"]
[BlackElo "1827"]
[PlyCount "74"]
[EventDate "2018.10.20"]
[EventType "swiss"]
[EventRounds "6"]
[EventCountry "ARG"]
[SourceTitle "EXT 2024"]
[Source "ChessBase"]
[SourceDate "2023.10.10"]
[SourceVersion "1"]
[SourceVersionDate "2023.10.10"]
[SourceQuality "1"]

1. Nf3 Nf6 2. g3 g6 3. Bg2 Bg7 4. 0-0 d5 5. d3 0-0 6. Nbd2 c5 7. c3 Nc6 8. e4 e6 9. Nh4 b6 10. f4 Ba6 11. exd5 exd5 12. Qg4 Bb7 13. f5 g5 14. Nhf3 h6 15. Nb3 Re8 16. Nxg5 hxg5 17. Bxg5 Qd7 18. Qh4 Qd6 19. g4 Ne5 20. Bxf6 Bxf6 21. g5 Bg7 22. f6 Ng6 23. Qf2 Bf8 24. h4 Ne5 25. Qd2 Ng4 26. Bh3 Qg3+ 27. Qg2 Qxg2+ 28. Bxg2 Ne3 29. Rf2 Nxg2 30. Rxg2 d4 31. Rf2 Kh7 32. cxd4 cxd4 33. h5 Re5 34. g6+ fxg6 35. hxg6+ Kxg6 36. Raf1 Rg5+ 37. Kh2 Bd6+ 0-1